000 00543nam a2200217Ia 4500
003 OSt
005 20220926044002.0
006 a|||||r|||| 00| 0
007 ta
008 220923b |||||||| |||| 00| 0 eng d
037 _cGeneral Book
040 _aRTL
_cRTL
_beng
041 _2eng
_aeng
082 _aToY145, K3
100 _aBantock G H
_955943
245 0 _aEducation in an industrial society
260 _c1963
650 _aEducation
942 _hToY145, K3
_cGB
_2CC
999 _c673691
_d673691